| 000 | 00915 a2200265 4500 | ||
|---|---|---|---|
| 003 | OSt | ||
| 005 | 20180116192334.0 | ||
| 008 | 120229t xxu||||| |||| 00| 0 eng d | ||
| 010 | _a74007264 | ||
| 020 | _a002541870X (v. 1) | ||
| 020 | _a0025418807 (v. 2) : | ||
| 040 | _c0 | ||
| 082 | 0 | 0 | _a191 |
| 100 | 1 |
_aFuller, R. Buckminster _9417 |
|
| 245 | 1 | 0 |
_aSynergetics: explorations in the geometry of thinking _c[by] R. Buckminster Fuller in collaboration with E. J. Applewhite. Pref. and contribution by Arthur L. Loeb. |
| 260 |
_aNew York: _bMacmillan. _c[1975-79]. |
||
| 300 |
_axxv.821p.: _billus; _c24 cm. |
||
| 500 | _aIncludes index. | ||
| 650 | 0 |
_aSystem theory. _9418 |
|
| 650 | 0 |
_aThought and thinking. _9419 |
|
| 650 | 0 |
_aMathematics _xPhilosophy. _9420 |
|
| 700 | 1 |
_aApplewhite, E. J., _9421 |
|
| 942 |
_aSADA _cBK _k191 FUL 1975 _2ddc |
||
| 999 |
_c352403 _d352403 |
||